Lehrbuch der tektonischen Geologie.

Bibliographic Details
Main Author: Metz, Karl, 1910-
Format: Book
Language:German
Published: Stuttgart : F. Enke, 1957.
Subjects:

MARC

Tag First Indicator Second Indicator Subfields
LEADER 00000cam a2200000 4500
001 in00000043933
005 20151007065031.0
008 760217s1957 gw a b 00100 ger
010 |a  58019330  
035 |a (OCoLC)01996989 
035 |9 AAE1146AM 
040 |a DLC  |c GAT  |d TXA  |d UtOrBLW 
049 |a TXAM  |c [462918] 
050 0 0 |a QE601  |b .M45 
092 |a 551.8  |b M596, 1957 
100 1 |a Metz, Karl,  |d 1910- 
245 1 0 |a Lehrbuch der tektonischen Geologie. 
264 1 |a Stuttgart :  |b F. Enke,  |c 1957. 
300 |a 294 pages :  |b illustrations ;  |c 24 cm. 
336 |a text  |b txt  |2 rdacontent 
337 |a unmediated  |b n  |2 rdamedia 
338 |a volume  |b nc  |2 rdacarrier 
504 |a Includes bibliographies. 
650 0 |a Geology, Structural. 
999 |a MARS 
999 f f |s 1e4c0e0c-78af-3a9f-848f-54699feff58d  |i 7a9b1419-ae43-31ed-b2b7-a596e7995e50  |t 0 
952 f f |p ric  |a Texas A&M University  |b Rellis Campus  |c Joint Library Facility  |d Remote Storage  |t 0  |e QE601 .M45  |h Library of Congress classification  |i unmediated -- volume  |m A14800956779 
998 f f |a QE601 .M45  |t 0  |l Remote Storage